000 00372nam a22001457a 4500
003 OSt
005 20160817153431.0
008 160817b xxu||||| |||| 00| 0 eng d
020 _a9780558363154
040 _cN/A
100 _aThomas M. Smith ... [at al]
245 _aElements of ecology
260 _aNew York
_bPearson Custom Publishing
_c2009
942 _2lcc
_cBK
999 _c255049
_d255048